First and Last - USA - Statistics

General Stats
  • This quiz has been taken 12 times
  • The average score is 4 of 10
Answer Stats
Group Sub-Division Population Name of Settlement % Correct
First Georgia 95k Albany
100%
First New York 595k Albany
100%
First Ohio 569k Akron
58%
Last Pennsylvania 232k York
33%
Last Arizona 135k Yuma
33%
First Texas 110k Abilene
25%
Last Ohio 387k Youngstown
25%
First Maryland 214k Aberdeen
8%
Last California 117k Yuba City
0%
Last Florida 67k Zephyrhills
0%
No matching quizzes found
Score Distribution
Percent of People with Each Score
Percentile by Number Answered
Your Score History
You have not taken this quiz